Najdroższe sprzedane samochody świata - Statystyki

Ogólne statystyki
  • Ten quiz został rozwiązany 20 razy
  • Średni wynik to 2 z 10
Statystyki odpowiedzi
Model Cena % Poprawnych
Bugatti Divo 5,8 mln $
69%
Bugatti La Voiture Noire 19 mln $
38%
Bugatti Centodieci 9 mln $
15%
Aston Martin Valkyrie 3,2 mln $
8%
Lamborghini Veneno Roadster 3,8 mln $
8%
McLaren P1 LM 3,6 mln $
8%
Mercedes-AMG Project One 2,8 mln $
8%
Rolls Royce Sweptail 13 mln $
8%
Ferrari Sergio Pininfarina 3,4 mln $
0%
Koeniggsegg Jesko 2,8 mln $
0%
Nie znaleziono quizów pasujących do podanych kryteriów
Rozkład punktacji
Procent ludzi z każdym wynikiem
Percentyl według liczby udzielonych odpowiedzi
Twoja historia wyników
Nie rozwiązałeś tego quizu